| 000 | 00919nam a2200253 i 4500 | ||
|---|---|---|---|
| 001 | 170052 | ||
| 003 | ES-MaACL | ||
| 005 | 20231103062537.0 | ||
| 008 | 090120s1989 fr |||| | fre d | ||
| 020 | _a2-905291-12-5 | ||
| 080 | _a94(44)"1789/99" | ||
| 080 | _a008(44)"1789/99" | ||
| 100 | 1 |
_aDeloche, Bernard. _9139207 |
|
| 245 | 1 | 3 |
_aLa culture des sans-culottes _b: le premier dossier du patrimoine, 1789-1798 / _cBernard Deloche, Jean-Michel Leniaud. |
| 260 |
_aParis : _bLes Éditions de Paris, _c1989. |
||
| 300 |
_a447 p. : _bil. ; _c24 cm. |
||
| 500 | _aÍndices. | ||
| 651 | 4 |
_aFrancia- _xHistoria- _y1789-1799, Revolución _98685 |
|
| 651 | 4 |
_aFrancia- _xVida intelectual- _yS.XVIII. _9172465 |
|
| 651 | 4 |
_aFrancia- _xSituación social- _yS.XVIII. _98719 |
|
| 700 | 1 |
_aLeniaud, Jean-Michel. _9139208 |
|
| 852 | 4 |
_aES-MaACL _jE-12402 _z- Biblioteca Jacinto Martínez Lacalle |
|
| 999 |
_c170052 _d170052 |
||